000 00631nam a2200241Ia 4500
003 OSt
005 20221005093250.0
006 a|||||r|||| 00| 0
007 ta
008 221004b |||||||| |||| 00| 0 eng d
024 _a73939
037 _cTextual
040 _aCRL
_cCRL
_beng
041 _2eng
_aeng
082 _aO111,2J64,HA:gx, K3
100 _aHoy Cyrus Ed.
245 0 _aHamlet
260 _aNew York
_bW .W. Norton & Company . Inc.
_c1963
300 _a270p.
_ccm.
650 _aENGLISH LITERATURE
942 _hO111,2J64,HA:gx, K3
_cTEXL
_2cc
999 _c1000099
_d1000099